| 000 | 00648nam a2200217 a 4500 | ||
|---|---|---|---|
| 005 | 20140310183447.0 | ||
| 008 | 081002s19uu xx 00 eng d | ||
| 020 | _a9781845208042 | ||
| 050 |
_aPN 1995.9.P7 _b.T49 2008 |
||
| 100 | _aThurlow, Clifford | ||
| 245 |
_aMaking short films : _bthe complete guide from script to screen / _cClifford Thurlow |
||
| 250 | _a2nd ed. | ||
| 260 |
_aOxford, New York : _bBerg, _c2008. |
||
| 300 |
_a292 p. : _bill. ; _c24 cm. |
||
| 521 | _aMA | ||
| 650 | _aMedia Arts. | ||
| 650 |
_aShort films _xProduction and direction. |
||
| 650 |
_aShort films _xAuthorship. |
||
| 942 |
_cBK _2lcc _kFOR |
||
| 999 |
_c23264 _d23264 |
||